Prevención psicosomática del paciente quirúrgico: causas y consecuencias del impacto psicobiológico de una cirugía

Guardat en:
Dades bibliogràfiques
Autor principal: Rinaldi, Guillermo (Autor)
Format: Llibre
Idioma:espanyol
Publicat: Buenos Aires Paidós 2001
Edició:1a. ed
Col·lecció:Psicología, Psiquiatría y Psicoterapia, 200
Matèries:
Etiquetes: Afegir etiqueta
Sense etiquetes, Sigues el primer a etiquetar aquest registre!

MARC

LEADER 00000nam a2200000 a 4500
001 UCI2340
003 CL-VaPUC
008 070817e20010000AG |||||||||||||||||spa|d
020 |a 9501234509 
082 0 4 |a 613  |b RIN  |2 21 
100 0 |a Rinaldi, Guillermo  |e author  |9 523313 
245 1 0 |a Prevención psicosomática del paciente quirúrgico: causas y consecuencias del impacto psicobiológico de una cirugía 
250 |a 1a. ed 
300 |a 126 p 
942 |c BK 
945 |d 20070817 00:00:00  |a jtorresc 
260 |a Buenos Aires  |b Paidós  |c 2001 
650 7 |a MEDICINA PSICOSOMATICA  |2 CL-VaPUC  |9 342122 
650 0 |a Medicina preventiva  |9 271222 
650 0 |a Pacientes  |9 423409 
583 |a last modification  |c 20070817 00:00:00  |k Rodrigo Vera 
490 0 |a Psicología, Psiquiatría y Psicoterapia, 200 
999 |c 326943  |d 326941 
952 |0 0  |1 0  |4 0  |6 613_000000000000000_RIN_2001  |7 0  |8 A  |9 409217  |a BIBEDU  |b BIBEDU  |d 2019-11-22  |i 4364872  |o 613 RIN 2001  |p 4364872  |r 2019-11-22  |w 2019-11-22  |y BK  |k PSI